• 首页
  • 本馆介绍
  • 公告通知
  • 最新文献
  • 馆藏检索
  • 电子资源
  • 读者导购
  • 参考咨询
  • 我的图书馆
  • 登录
  • 详细信息显示
  • 放入我的书架
  • 预约/预借图书
  • 作者相关作品
  • 分类相关作品
  • 丛书相关作品
  • 出版社相关作品

书目信息

  • 表格格式
  • 工作单格式
  • 卡片格式
题名:
中小学图书馆工作入门
    
 
作者: 王若兰 编著
分册:  
出版信息: 北京   海洋出版社  1997
页数: 362页
开本: 20cm
丛书名:
单 册:
中图分类: G258.69
科图分类:
主题词: 图书馆学 , 图书馆事业
电子资源:
ISBN: 7-5027-4276-X
000 00600nam0 2200205 450
001 0751119026
005 20070729094505.65
010    @a7-5027-4276-X@dCNY15.00
100    @a20070725d1997 km y0chiy0120 ea
101 0  @achi
102    @aCN@b110000
200 1  @a中小学图书馆工作入门@Azhong xiao xue tu shu guan gong zuo ru men@f王若兰等编著@Fwang ruo lan deng bian zhu
210    @a北京@c海洋出版社@d1997
215    @a362页@d20cm
606 0  @a图书馆学
606 0  @a图书馆事业
690    @aG258.69@v3
701  0 @a王若兰@Awang ruo lan@4编著
801  0 @aCN@bPFT@c20070729
905    @a10447@dG258.69@e29
    
    中小学图书馆工作入门/王若兰等编著.-北京:海洋出版社,1997
    362页;20cm
    
    
    ISBN 7-5027-4276-X:CNY15.00
    
●
相关链接 在E读中查询图书 在五车中查询图书 在当当中查询图书 在豆瓣中查询图书


正题名:中小学图书馆工作入门     索取号:G258.69/29         预约/预借

序号 登录号 条形码 馆藏地/架位号 状态 备注
1 0784065   207840657   第一样本阅览室/ [索取号:G258.69/29] 在馆    
2 0784066   207840666   第四借阅区/ [索取号:G258.69/29] 在馆    
3 0784581   207845812   第四借阅区/ [索取号:G258.69/29] 在馆    
唐山师范学院图书馆 欢迎您!
大连网信软件有限公司© 版权所有